000 00337nam a22001217a 4500
020 _a9780062394750
082 _a823.914
_bHAN
100 _aHannah, Sophie, 1971-
245 _a The monogram murders /
_cSophie Hannah
260 _aNew York :
_bHarper Collins Publishers,
_c2014.
300 _a302 p. ;
_c17 cm.
942 _2ddc
_cBK
999 _c593350
_d593350